Spevom rozdávajú pohodu

Bibliographic Details
Main Author: Ráchela, Štefan (Author)
Format: Article
Language:Slovak
PhysicalDescription:Fotogr.
ISSN:1336-3697
Subjects:

MARC

LEADER 00000nab a2200000 a 4500
001 vtls009175441
003 SK-MaSNL
005 20260303052551.0
008 080118 2007 xo w 000 0 slo
038 |a LVTK 
040 |a LVTK  |b slo  |e ACCR2  |c LVTK 
041 |a slo 
044 |a xo  |c SK 
080 |a 398  |2 2001 
100 1 |a Ráchela, Štefan  |4 aut  |9 1032623 
245 1 0 |a Spevom rozdávajú pohodu  |c Štefan Ráchela 
300 |b Fotogr. 
610 2 7 |a Jednota dôchodcov Slovenska.  |b Mestská organizáia (Levice, Slovensko)  |2 lvtk  |9 110351 
611 2 7 |a Okresná prehliadka speváckych skupín  |n (3. :  |d 2007 :  |c Levice, Slovensko)  |2 lvtk  |9 1043851 
650 0 7 |a spevácke prehliadky  |2 lvtk  |9 1043852 
651 7 |a Levice (Slovensko)  |2 snkph  |9 55713 
773 0 |t Prima  |g Roč. 15, č. 38 (2007), s. 5  |x 1336-3697 
852 |a LVTK  |b KIS3GCP 
999 |c 1715821  |d 1717751